000 00527nam a2200193Ia 4500
008 180207s9999 xx 000 0 und d
020 _a9780717265183
050 _bM739 2001
100 _aMoncure, Jane Belk
245 _aMy "s" book /
245 _cby Jane Belk Moncure ; illustrated by Colin King.
260 _aDanbury, Connecticut :
260 _bThe Child's World, Inc.,
260 _c2001
300 _a29 pages :
300 _bcolor illustration ;
300 _c20cm.
440 _aMy first steps to reading.
999 _c355529
_d355529